01597 2200205 4500001002100000005001500021035002000036008004100056245004400097100001100141250000600152260003800158300001200196084001400208082000800222650001000230520112700240990001201367990001201379INLIS00000000000091520240603085613 a0010-0524000150240603 1 ind 1 aAADC ( Ada Aja Dengan Cinta ) /cSilvia aSilvia a1 aYogyakarta :bSheila/ Andi,c2017 a220 hlm a813 SIL a a813 4aFiksi a Hey gue kerasin lagi suara gue. Tiba-tiba langkahnya terhenti, jadi beda, satu purnama di New York dan di Jakarta. Soundtrack AADC #Pertama kali aku tergugah, dalam setiap kata yang kau ucap .. Dia menoleh tanpa berkata sepatah kata pun sambil pasang tampang ehm apa ya itu kayaknya sih setengah sebel gitu, Rangga Ada apa sih? Lo lagi main sinetron ya? Bimbi, seorang gadis kocak yang terkena sindrom jatuh cinta pada pandangan pertama dengan seorang pemuda tampan bernama Rakabuming Satya. Cinta yang tumbuh diantara mereka seketika berubah menjadi gak banget ketika Bimbi tau kalo Satya seorang gay. Ia gay, sungguh menyayat hati. Sebuah sayembara dengan hadiah ratusan juta rupiah pun diadakan oleh bundanya Satya untuk mencarikan Satya seorang pendamping dan sebuah pencerahanpun muncul ketika teman Satya mengatakan kalau satya sebenarnya gak gay, apa yang akan terjadi dengan bimbi selanjutnya? Apakah cintanya dengan Satya bisa terwujud? Bagaimana persaiingan Bimbi dengan peserta sayembara lainnya? Apakah bimbi bisa mengembalikan Stay kembali ke jalan yang diridai Tuhan ? temukan jawabanya segera. a0741584 a0741585